| 000 | 00338pam a2200145 a 4500 | ||
|---|---|---|---|
| 020 | _c | ||
| 041 | _h | ||
| 082 | _a658.4 | ||
| 100 |
_aPUGH (D.S.) _eauthor |
||
| 245 |
_aOrganisational Theory _hTextual Document |
||
| 250 | _a2nd | ||
| 260 |
_bPenguin Books India Pvt. Ltd. New Delhi , London _c1984 |
||
| 300 | _a448 | ||
| 930 | _a7802 | ||
| 999 |
_c837207 _d837207 |
||